OPTICS FOR OPTOMETRY STUDENTS (Record no. 25452)

MARC details
000 -LEADER
fixed length control field 00402nam a22001697a 4500
003 - CONTROL NUMBER IDENTIFIER
control field SGT
020 ## - INTERNATIONAL STANDARD BOOK NUMBER
International Standard Book Number 9788184486030
082 ## - DEWEY DECIMAL CLASSIFICATION NUMBER
Classification number 617.7
Item number O09M
100 ## - MAIN ENTRY--PERSONAL NAME
Personal name MUKHERJEE, PC.
245 ## - TITLE STATEMENT
Title OPTICS FOR OPTOMETRY STUDENTS
250 ## - EDITION STATEMENT
Edition statement 1ST
260 ## - PUBLICATION, DISTRIBUTION, ETC. (IMPRINT)
Place of publication, distribution, etc INDIA
Name of publisher, distributor, etc JAYPEE PUB
Year of Publication 2009
300 ## - PAGE DESCRIPTION
No. of Pages 328
650 ## - SUBJECT ADDED ENTRY--TOPICAL TERM
Topical term or geographic name as entry element OPHTHALMOLOGY, OPTOMETRY
653 ## - KEYWORDS--INDEX TERM
Keyword term OPTICS FOR OPTOMETRY STUDENTS
942 ## - ADDED ENTRY ELEMENTS (KOHA)
Source of classification or shelving scheme Dewey Decimal Classification
Koha item type Books
Holdings
Withdrawn status Lost status Source of classification or shelving scheme Damaged status Not for loan Collection code Home library Current library Shelving location Date acquired Vendor Name Cost, normal purchase price SGTU Bill Number Full call number Accession No. (Barcode) Date last seen Bill Date Koha item type Total Checkouts
    Dewey Decimal Classification   Not For Loan MEDICAL SGT Medical Library SGT Medical Library Text Book 22/12/2023 ABC DELHI 1025.00 SGTU 17259 617.7 O09M FM14331 22/12/2023 18/08/2023 Books  
    Dewey Decimal Classification     MEDICAL SGT Medical Library SGT Medical Library Text Book 22/12/2023 ABC DELHI 1025.00 SGTU 17259 617.7 O09M FM14332 22/12/2023 18/08/2023 Books